Expansionsstrategien im Tourismus
Gespeichert in:
| 1. Verfasser: | |
|---|---|
| Format: | Buch |
| Sprache: | Deutsch |
| Veröffentlicht: |
Wiesbaden
Gabler
1992
|
| Ausgabe: | 1. Aufl. |
| Schriftenreihe: | Neue Betriebswirtschaftliche Forschung
Bd.110 |
| Schlagworte: | |
| Tags: |
Keine Tags, Fügen Sie das erste Tag hinzu!
|
MARC
| LEADER | 00000nam a2200000 4500 | ||
|---|---|---|---|
| 001 | c006270 | ||
| 005 | 20221206083116.0 | ||
| 020 | |a 3-409-13055-1 | ||
| 041 | 0 | |a ger | |
| 044 | |a DE | ||
| 245 | 1 | 0 | |a Expansionsstrategien im Tourismus |c Torsten Kirstges |
| 250 | |a 1. Aufl. | ||
| 264 | 1 | |a Wiesbaden |b Gabler |c 1992 | |
| 300 | |a 474 s. | ||
| 490 | 1 | |a Neue Betriebswirtschaftliche Forschung |v Bd.110 | |
| 830 | 0 | |a Neue Betriebswirtschaftliche Forschung |v Bd.110 | |
| 610 | 2 | 0 | |a turistika |
| 610 | 2 | 0 | |a Nemecko |
| 610 | 2 | 0 | |a ruch cestovný |
| 610 | 2 | 0 | |a marketing |
| 610 | 2 | 0 | |a služby |
| 610 | 2 | 0 | |a konkurencia |
| 610 | 2 | 0 | |a prognózy |
| 610 | 2 | 0 | |a výskum |
| 100 | 1 | |a Kirstges, Torsten | |